| 000 | 00746nam a2200205Ia 4500 | ||
|---|---|---|---|
| 003 | OSt | ||
| 005 | 20250909122233.0 | ||
| 008 | 220922b |||||||| |||| 00| 0 hin d | ||
| 037 | _cTextual | ||
| 040 |
_aARTS _cARTS _bhin |
||
| 041 |
_2hin _ahin |
||
| 100 |
_aजोगी, सुनील _9820623 |
||
| 245 | 0 |
_aक्रांति की दहकती मशाल _b लोहिया |
|
| 246 | _aKrāanti kī dahakatī mashāla: lohiyā | ||
| 260 |
_aदिल्ली _b दिनमान प्रकाशन _c1996 |
||
| 300 |
_a88पृ. _ccm. |
||
| 650 |
_aविश्व-इतिहास _9820624 |
||
| 942 |
_hV2:25xN10, 152N6 _cTEXL _2CC _n0 |
||
| 999 |
_c377611 _d377611 |
||